000 00262nam a2200097Ia 4500
008 240331s9999 xx 000 0 und d
082 _bNEW
100 _aShowalter, E. ed
245 4 _aThe new feminist criticism :
_bessays on women, literature and theory
942 _cL
999 _c1760
_d1760